[Event "World ol U16"]
[Site "Eindhoven"]
[Date "2023.08.17"]
[Round "8.17"]
[White "Mayeregger Gonzalez, Renata Valentina"]
[Black "Karaivanova, Petya F"]
[Result "1-0"]
[WhiteElo "1687"]
[BlackElo "2043"]
[PlyCount "57"]
[EventDate "2023.08.13"]
[EventType "team-swiss"]
[EventRounds "9"]
[EventCountry "NED"]
[SourceTitle "CBM 215 Extra"]
[Source "ChessBase"]
[SourceDate "2023.09.30"]
[SourceVersion "1"]
[SourceVersionDate "2023.09.30"]
[SourceQuality "1"]
[WhiteTeam "Paraguay"]
[BlackTeam "Bulgaria"]
[WhiteTeamCountry "PAR"]
[BlackTeamCountry "BUL"]

1. e4 e5 2. Nc3 Nc6 3. g3 Bc5 4. Bg2 Nge7 5. Nge2 d6 6. Na4 Bb6 7. Nxb6 axb6 8. d3 Be6 9. 0-0 Qd7 10. f4 f5 11. Be3 h5 12. d4 exd4 13. Nxd4 Nxd4 14. Bxd4 h4 15. Qe1 hxg3 16. Qxg3 fxe4 17. Bxe4 0-0-0 18. Qa3 Kb8 19. Rf3 d5 20. Bd3 Nf5 21. Bxf5 Bxf5 22. Be5 Be4 23. Rg3 Rh7 24. Rd1 Rdh8 25. Rd2 Rh3 26. Rxg7 Qc6 27. Rxc7 Qg6+ 28. Kf1 Rxa3 29. Rc3+ 1-0

[Event "World ol U16"]
[Site "Eindhoven"]
[Date "2023.08.17"]
[Round "7.23"]
[White "Wang, Yushin Andrea"]
[Black "Mayeregger Gonzalez, Renata Valentina"]
[Result "1/2-1/2"]
[WhiteElo "1186"]
[BlackElo "1687"]
[PlyCount "43"]
[EventDate "2023.08.13"]
[EventType "team-swiss"]
[EventRounds "9"]
[EventCountry "NED"]
[SourceTitle "CBM 215 Extra"]
[Source "ChessBase"]
[SourceDate "2023.09.30"]
[SourceVersion "1"]
[SourceVersionDate "2023.09.30"]
[SourceQuality "1"]
[WhiteTeam "Chinese Taipei II"]
[BlackTeam "Paraguay"]
[WhiteTeamCountry "TPE"]
[BlackTeamCountry "PAR"]

1. e4 d5 2. exd5 Qxd5 3. Nc3 Qa5 4. d4 Nf6 5. Nf3 Bf5 6. Ne5 Nbd7 7. Nc4 Qa6 8. Bf4 Qe6+ 9. Ne3 Ne4 10. Ncd5 0-0-0 11. Bxc7 Re8 12. Qe2 Nef6 13. Qc4 Nxd5 14. Be5+ Qc6 15. Qxc6+ bxc6 16. Ba6+ Kd8 17. Nxf5 Nxe5 18. dxe5 e6 19. Ne3 Nxe3 20. fxe3 Bc5 21. 0-0-0+ Kc7 22. Rhe1 1/2-1/2

[Event "World ol U16"]
[Site "Eindhoven"]
[Date "2023.08.15"]
[Round "4.25"]
[White "Bootsumran, Sirin"]
[Black "Mayeregger Gonzalez, Renata Valentina"]
[Result "0-1"]
[WhiteElo "1374"]
[BlackElo "1687"]
[PlyCount "132"]
[EventDate "2023.08.13"]
[EventType "team-swiss"]
[EventRounds "9"]
[EventCountry "NED"]
[SourceTitle "CBM 215 Extra"]
[Source "ChessBase"]
[SourceDate "2023.09.30"]
[SourceVersion "1"]
[SourceVersionDate "2023.09.30"]
[SourceQuality "1"]
[WhiteTeam "Thailand"]
[BlackTeam "Paraguay"]
[WhiteTeamCountry "THA"]
[BlackTeamCountry "PAR"]

1. e4 d5 2. exd5 Qxd5 3. Nc3 Qa5 4. d4 Nf6 5. Nf3 Bf5 6. Bd3 e6 7. Ne5 Bxd3 8. Qxd3 c6 9. Bd2 Qc7 10. 0-0-0 Bd6 11. Qg3 Rg8 12. Rhe1 Nbd7 13. f4 Nb6 14. Qd3 0-0-0 15. g3 a6 16. Ne4 Nxe4 17. Qxe4 Nd5 18. Nc4 Nf6 19. Qf3 Qe7 20. Ba5 Bc7 21. f5 Bxa5 22. Nxa5 Rd5 23. Nc4 Nd7 24. fxe6 fxe6 25. Ne3 Ra5 26. Nf5 Qg5+ 27. Ne3 Rxa2 28. Qf7 Rf8 29. Qxe6 Qa5 30. c3 Rf2 31. Qe8+ Kc7 32. Re2 Rxe2 33. Nd5+ Qxd5 34. Qxe2 Ra1+ 35. Kc2 Rxd1 36. Kxd1 Qb5 37. Qd2 Qf1+ 38. Kc2 Qf5+ 39. Kd1 Nb6 40. Kc1 Nc4 41. Qe2 Qg5+ 42. Kc2 Ne3+ 43. Kd3 Nd5 44. Kc2 Qe3 45. Qf1 Qe6 46. Qf3 Ne3+ 47. Kd3 Nd5 48. Kc2 Qg6+ 49. Kb3 h6 50. Qf2 Qf6 51. Qe2 Nb6 52. Kc2 a5 53. Qg2 a4 54. Qe2 Qf5+ 55. Kd2 Nd5 56. c4 Qg5+ 57. Kd3 Nb6 58. Qf2 Qg6+ 59. Kc3 Qf6 60. Qe3 c5 61. Kd3 Qxd4+ 62. Qxd4 cxd4 63. Kxd4 Kc6 64. h4 Nd7 65. g4 g5 66. hxg5 hxg5 0-1

[Event "Ciudad del Este op 1st"]
[Site "Ciudad del Este"]
[Date "2023.07.21"]
[Round "3"]
[White "Mayeregger Gonzalez, Renata Valentina"]
[Black "Medero Mino, Leon"]
[Result "1-0"]
[WhiteElo "1808"]
[BlackElo "1277"]
[PlyCount "59"]
[EventDate "2023.07.20"]
[EventType "swiss"]
[EventRounds "7"]
[EventCountry "PAR"]
[SourceTitle "EXT 2024"]
[Source "ChessBase"]
[SourceDate "2023.10.10"]
[SourceVersion "1"]
[SourceVersionDate "2023.10.10"]
[SourceQuality "1"]

1. e4 c5 2. Nc3 a6 3. g3 b5 4. Bg2 Bb7 5. d3 e6 6. Be3 Nf6 7. h3 d5 8. exd5 Nxd5 9. Nxd5 Bxd5 10. Nf3 Nd7 11. 0-0 Qc7 12. Qe2 Be7 13. Rfd1 Qb7 14. Ne1 Bxg2 15. Nxg2 h5 16. d4 cxd4 17. Bxd4 Kf8 18. Rd2 h4 19. g4 Bf6 20. Rad1 Bxd4 21. Rxd4 Rd8 22. Qd2 Ke8 23. Qg5 Rh7 24. Nxh4 Qc7 25. c3 Qb7 26. Rd6 Qc7 27. Ng6 f6 28. Rxe6+ Kf7 29. Re7+ Kg8 30. Qd5# 1-0

[Event "Asuncion zt 2.5 (Women)"]
[Site "Asuncion"]
[Date "2023.03.07"]
[Round "4"]
[White "Mayeregger Gonzalez, Renata Valentina"]
[Black "Lugo Martinez, Jimena Sofia"]
[Result "1-0"]
[WhiteElo "1660"]
[BlackElo "1260"]
[PlyCount "39"]
[EventDate "2023.03.05"]
[EventType "swiss"]
[EventRounds "9"]
[EventCountry "PAR"]
[SourceTitle "CBM 213 Extra"]
[Source "ChessBase"]
[SourceDate "2023.05.31"]
[SourceVersion "1"]
[SourceVersionDate "2023.05.31"]
[SourceQuality "1"]

1. e4 e5 2. Nf3 Nc6 3. d4 exd4 4. Bc4 d6 5. Nxd4 Nge7 6. 0-0 g6 7. Bg5 h6 8. Bf6 Rg8 9. Nxc6 bxc6 10. Nc3 g5 11. Qh5 Rg6 12. e5 d5 13. Bd3 Rg8 14. Bh7 Qd7 15. Bxe7 Qxe7 16. Bxg8 Bf5 17. Rac1 Bg6 18. Qf3 Bg7 19. e6 f5 20. Bf7+ 1-0

[Event "Florianopolis op 9th"]
[Site "Florianopolis"]
[Date "2023.01.28"]
[Round "9"]
[White "Pertuzatti, Daniel"]
[Black "Mayeregger Gonzalez, Renata Valentina"]
[Result "0-1"]
[WhiteElo "1973"]
[BlackElo "1543"]
[PlyCount "34"]
[EventDate "2023.01.23"]
[EventType "swiss"]
[EventRounds "10"]
[EventCountry "BRA"]
[SourceTitle "CBM 212 Extra"]
[Source "ChessBase"]
[SourceDate "2023.03.31"]
[SourceVersion "1"]
[SourceVersionDate "2023.03.31"]
[SourceQuality "1"]

1. f4 d5 2. Nf3 Nf6 3. e3 e6 4. Be2 Bd6 5. 0-0 c5 6. b3 Nc6 7. Bb2 0-0 8. Qe1 Be7 9. Qg3 d4 10. Na3 Ne4 11. Qe1 Na5 12. exd4 cxd4 13. Nc4 Bf6 14. Nce5 Nc6 15. a3 Qb6 16. Nxc6 bxc6 17. Bd3 Nd6 0-1

[Event "Florianopolis op 9th"]
[Site "Florianopolis"]
[Date "2023.01.26"]
[Round "6"]
[White "Mayeregger Gonzalez, Renata Valentina"]
[Black "Chagas, Gefster"]
[Result "1-0"]
[WhiteElo "1543"]
[BlackElo "1752"]
[PlyCount "83"]
[EventDate "2023.01.23"]
[EventType "swiss"]
[EventRounds "10"]
[EventCountry "BRA"]
[SourceTitle "CBM 212 Extra"]
[Source "ChessBase"]
[SourceDate "2023.03.31"]
[SourceVersion "1"]
[SourceVersionDate "2023.03.31"]
[SourceQuality "1"]

1. e4 e6 2. d4 d6 3. g3 f5 4. Nc3 Nf6 5. Bg2 Be7 6. Nge2 Nbd7 7. Nf4 Nb6 8. exf5 exf5 9. 0-0 0-0 10. Re1 d5 11. Qe2 Re8 12. Ne6 Bxe6 13. Qxe6+ Kh8 14. Qxf5 c5 15. dxc5 Bxc5 16. Rxe8+ Qxe8 17. Bg5 Qf7 18. Re1 Rf8 19. Bxf6 gxf6 20. Nxd5 Nxd5 21. Bxd5 Qc7 22. Re4 a5 23. Rh4 Qe7 24. Be4 Rf7 25. Rh5 Bd6 26. Qc8+ Qf8 27. Qxf8+ Bxf8 28. Rxa5 Rc7 29. Ra7 f5 30. Rxb7 Rc5 31. Bd3 Re5 32. Rf7 Bc5 33. Rxf5 Re1+ 34. Kg2 Bb6 35. a4 Ra1 36. Bb5 Rc1 37. c4 Rc2 38. b4 Kg7 39. c5 Bd8 40. Bd3 Rc3 41. Rd5 Bf6 42. b5 1-0

[Event "Vicente Lopez ProAm 100 Years op"]
[Site "Buenos Aires"]
[Date "2022.10.13"]
[Round "3"]
[White "Mayeregger Gonzalez, Renata Valentina"]
[Black "Reda, Mateo"]
[Result "0-1"]
[WhiteElo "1553"]
[BlackElo "1786"]
[PlyCount "120"]
[EventDate "2022.10.11"]
[EventType "swiss"]
[EventRounds "9"]
[EventCountry "ARG"]
[SourceTitle "CBM 210 Extra"]
[Source "ChessBase"]
[SourceDate "2022.11.30"]
[SourceVersion "1"]
[SourceVersionDate "2022.11.30"]
[SourceQuality "1"]

1. e4 e5 2. Nf3 Nf6 3. Nxe5 d6 4. Nf3 Nxe4 5. d4 d5 6. Bd3 Bd6 7. 0-0 0-0 8. c4 c6 9. Nc3 Nxc3 10. bxc3 dxc4 11. Bxc4 Bg4 12. Qd3 Nd7 13. h3 Bh5 14. Bg5 Qa5 15. Bh4 Rfe8 16. Bg3 Bxg3 17. fxg3 Bg6 18. Qd2 Rad8 19. Rac1 Nf6 20. Nh4 Be4 21. g4 Bg6 22. Nxg6 hxg6 23. Qf4 Re7 24. Bb3 Rde8 25. g5 Nd5 26. Qf3 Qd8 27. h4 Qd7 28. Bxd5 cxd5 29. Qg3 Qa4 30. Qf2 Qd7 31. Qg3 Qe6 32. Rce1 Qd7 33. Rxe7 Qxe7 34. Qf3 Qe6 35. Qf2 b5 36. Qf3 a6 37. Qf2 Rc8 38. Qf3 Re8 39. Qf2 Qe4 40. Qxf7+ Kh7 41. Qf2 Re7 42. Qf4 Qxf4 43. Rxf4 Re1+ 44. Rf1 Re4 45. Rf3 Rxh4 46. Rh3 Rh5 47. Kf2 Kg8 48. Rxh5 gxh5 49. Kf3 Kf7 50. Kf4 Ke6 51. a3 a5 52. g4 h4 53. Kf3 Kf7 54. Kf4 Kg6 55. a4 bxa4 56. c4 dxc4 57. d5 c3 58. Ke4 h3 59. d6 Kf7 60. g6+ Ke6 0-1

[Event "Olympiad Women-44"]
[Site "Chennai"]
[Date "2022.08.06"]
[Round "8.4"]
[White "Mayeregger Gonzalez, Renata Valentina"]
[Black "Munoz Henriquez, Alba Esther"]
[Result "0-1"]
[WhiteElo "1479"]
[BlackElo "1588"]
[PlyCount "102"]
[EventDate "2022.07.29"]
[EventType "team-swiss"]
[EventRounds "11"]
[EventCountry "IND"]
[SourceTitle "CBM 210"]
[Source "ChessBase"]
[SourceDate "2022.10.31"]
[SourceVersion "1"]
[SourceVersionDate "2022.10.31"]
[SourceQuality "1"]
[WhiteTeam "Paraguay (W)"]
[BlackTeam "Panama (W)"]
[WhiteTeamCountry "PAR"]
[BlackTeamCountry "PAN"]

1. e4 c6 2. c4 d5 3. cxd5 cxd5 4. exd5 Qxd5 5. Nc3 Qd8 6. Nf3 Nf6 7. d4 e6 8. Bd3 Be7 9. 0-0 0-0 10. Qe2 Nc6 11. Be3 Nb4 12. Bb1 b6 13. a3 Ba6 14. Qd2 Bxf1 15. axb4 Bc4 16. Ne5 Bd5 17. Bg5 Bxb4 18. Qd3 g6 19. Nxd5 exd5 20. Qf3 Be7 21. Bd3 Qd6 22. Re1 Nh5 23. Bh6 Ng7 24. Bb5 a6 25. Bc6 Rad8 26. Qe2 Bf6 27. Ba4 b5 28. Bc2 Rfe8 29. f4 Ne6 30. Qf2 Bg7 31. Bxg7 Kxg7 32. f5 Ng5 33. fxg6 fxg6 34. h4 Rf8 35. Qe3 Nf7 36. Ng4 Rde8 37. Ne5 Qf6 38. Qg3 Nxe5 39. dxe5 Qf4 40. Qc3 Qf2+ 41. Kh1 Qxh4+ 42. Kg1 d4 43. Qd2 Qf4 44. Qe2 Re7 45. Bd3 Rfe8 46. Qc2 Rxe5 47. Qc7+ Kh8 48. Re2 Qg5 49. Rf2 Re1+ 50. Bf1 Qe3 51. Qa5 Rxf1+ 0-1

[Event "Olympiad Women-44"]
[Site "Chennai"]
[Date "2022.08.02"]
[Round "5.4"]
[White "Blokhin, Sofia"]
[Black "Mayeregger Gonzalez, Renata Valentina"]
[Result "1/2-1/2"]
[WhiteElo "1996"]
[BlackElo "1479"]
[PlyCount "85"]
[EventDate "2022.07.29"]
[EventType "team-swiss"]
[EventRounds "11"]
[EventCountry "IND"]
[SourceTitle "CBM 210"]
[Source "ChessBase"]
[SourceDate "2022.10.31"]
[SourceVersion "1"]
[SourceVersionDate "2022.10.31"]
[SourceQuality "1"]
[WhiteTeam "Estonia (W)"]
[BlackTeam "Paraguay (W)"]
[WhiteTeamCountry "EST"]
[BlackTeamCountry "PAR"]

1. e4 d5 2. exd5 Qxd5 3. Nc3 Qa5 4. Nf3 Nf6 5. d4 Bg4 6. h3 Bxf3 7. Qxf3 c6 8. Bd2 Nbd7 9. Bd3 Qb6 10. 0-0 e6 11. Ne2 Bd6 12. c4 Qd8 13. Ng3 0-0 14. Rfe1 e5 15. Nf5 Bc7 16. Bc3 Re8 17. Rad1 exd4 18. Bxd4 Ne5 19. Bxe5 Bxe5 20. Rxe5 Rxe5 21. Nxg7 Kxg7 22. Qg3+ Ng4 23. hxg4 Qe7 24. Kh2 Re8 25. Bf5 Qf6 26. Qc3 Re1 27. Rd3 Qxc3 28. Rxc3 R1e2 29. Rh3 h6 30. Rb3 Rxf2 31. Kg3 Ree2 32. Rxb7 Rxg2+ 33. Kf3 Rxb2 34. Rxa7 Rxa2 35. Rc7 Raf2+ 36. Ke4 Rxf5 37. Kxf5 Rf2+ 38. Ke5 Rf6 39. Rc8 Rg6 40. Kf4 Rd6 41. Ke5 Rg6 42. Kf4 Rf6+ 43. Ke5 1/2-1/2

[Event "PAR-ch sf"]
[Site "Asuncion"]
[Date "2022.06.12"]
[Round "7"]
[White "Mayeregger Gonzalez, Renata Valentina"]
[Black "Amarilla Ettiene, Ezequiel"]
[Result "0-1"]
[WhiteElo "1461"]
[BlackElo "1427"]
[PlyCount "70"]
[EventDate "2022.06.10"]
[EventType "swiss"]
[EventRounds "7"]
[EventCountry "PAR"]
[SourceTitle "EXT 2024"]
[Source "ChessBase"]
[SourceDate "2023.10.10"]
[SourceVersion "1"]
[SourceVersionDate "2023.10.10"]
[SourceQuality "1"]

1. e4 c5 2. Nc3 Nc6 3. g3 g6 4. Bg2 Bg7 5. Nge2 d6 6. 0-0 e5 7. d3 Nge7 8. Be3 0-0 9. Qd2 Nd4 10. f4 Rb8 11. h3 b5 12. g4 b4 13. Nd1 f5 14. gxf5 gxf5 15. Ng3 Ng6 16. exf5 Nxf5 17. Nxf5 Bxf5 18. fxe5 Bxe5 19. d4 cxd4 20. Bxd4 Qh4 21. Bxe5 Nxe5 22. Qxd6 Qg3 23. Qd5+ Kh8 24. Qb3 Qg6 25. Qd5 Qg3 26. Nf2 Be6 27. Qd4 Rg8 28. Ng4 Bxg4 29. hxg4 Rxg4 30. Qf2 Rbg8 31. Qf6+ R4g7 32. Rf2 Ng4 33. Qf4 Qxf2+ 34. Qxf2 Nxf2 35. Kxf2 Rxg2+ 0-1

[Event "Villarrica op 2nd"]
[Site "Villarrica"]
[Date "2022.02.13"]
[Round "5"]
[White "Mayeregger Gonzalez, Renata Valentina"]
[Black "Heinechen, John"]
[Result "1/2-1/2"]
[WhiteElo "1465"]
[BlackElo "1985"]
[PlyCount "93"]
[EventDate "2022.02.11"]
[EventType "swiss"]
[EventRounds "7"]
[EventCountry "PAR"]
[SourceTitle "EXT 2023"]
[Source "ChessBase"]
[SourceDate "2022.10.05"]
[SourceVersion "1"]
[SourceVersionDate "2022.10.05"]
[SourceQuality "1"]

1. e4 c5 2. Nc3 Nc6 3. g3 g6 4. Bg2 Bg7 5. Nge2 d6 6. 0-0 e6 7. d3 Nge7 8. Be3 Nd4 9. Rb1 0-0 10. Qd2 Rb8 11. f4 b5 12. b4 Nec6 13. bxc5 dxc5 14. e5 Nxe2+ 15. Nxe2 Nd4 16. c3 Nxe2+ 17. Qxe2 Qc7 18. Qf2 Rd8 19. Rfd1 Bf8 20. d4 c4 21. d5 exd5 22. Bxd5 Rxd5 23. Rxd5 Qc6 24. Rbd1 Bb7 25. Kf1 Be7 26. Bc5 Qe6 27. Rd7 Qh3+ 28. Ke1 Bh4 29. Rxb7 Rxb7 30. gxh4 Rb8 31. Qg3 Qf5 32. Qg5 Qe4+ 33. Kf2 Qc2+ 34. Ke1 Qe4+ 35. Kd2 Qd5+ 36. Kc1 Qxc5 37. Rd8+ Rxd8 38. Qxd8+ Qf8 39. Qxf8+ Kxf8 40. Kd2 Ke7 41. Ke3 Ke6 42. Ke4 h5 43. h3 a6 44. a3 a5 45. Ke3 Kf5 46. Kf3 a4 47. Ke3 1/2-1/2

[Event "South America-ch U14 Girls 17th"]
[Site "Guayaquil"]
[Date "2022.01.27"]
[Round "4"]
[White "Jimenez Salas, Maria Teresa"]
[Black "Mayeregger Gonzalez, Renata Valentina"]
[Result "1-0"]
[WhiteElo "1697"]
[BlackElo "1456"]
[PlyCount "59"]
[EventDate "2022.01.25"]
[EventType "swiss"]
[EventRounds "9"]
[EventCountry "ECU"]
[SourceTitle "CBM 206 Extra"]
[Source "ChessBase"]
[SourceDate "2022.03.31"]
[SourceVersion "1"]
[SourceVersionDate "2022.03.31"]
[SourceQuality "1"]

1. e4 d5 2. exd5 Nf6 3. d4 Qxd5 4. Nf3 e6 5. c4 Qd8 6. Nc3 c5 7. Bf4 a6 8. Be2 Nc6 9. dxc5 Qxd1+ 10. Rxd1 Bxc5 11. a3 Bd7 12. b4 Ba7 13. Bd6 Rc8 14. 0-0 Bb8 15. c5 Bxd6 16. Rxd6 Ne7 17. Ne5 Nf5 18. Rd2 Bc6 19. Nxc6 Rxc6 20. Bf3 Rc7 21. Ne4 Nxe4 22. Bxe4 0-0 23. Rfd1 g6 24. Rd7 Rxd7 25. Rxd7 b5 26. cxb6 Rb8 27. b7 Kg7 28. g4 Nh6 29. Rc7 Rd8 30. Rc8 1-0

[Event "Pan American-ch Hybrid U14 Girls 31st"]
[Site "Tornelo INT"]
[Date "2021.09.04"]
[Round "2"]
[White "Hernandez, Sofia"]
[Black "Mayeregger Gonzalez, Renata Valentina"]
[Result "0-1"]
[WhiteElo "1459"]
[BlackElo "1280"]
[PlyCount "70"]
[EventDate "2021.09.04"]
[EventType "swiss"]
[EventRounds "9"]
[EventCountry "NET"]
[SourceTitle "EXT 2023"]
[Source "ChessBase"]
[SourceDate "2022.10.05"]
[SourceVersion "1"]
[SourceVersionDate "2022.10.05"]
[SourceQuality "1"]

1. e4 d5 2. exd5 Nf6 3. d4 Qxd5 4. Nf3 Bg4 5. Be2 Nc6 6. c4 Qf5 7. Nc3 0-0-0 8. Be3 e5 9. d5 Nb4 10. Rc1 e4 11. Nd4 Qg6 12. Bxg4+ Nxg4 13. 0-0 Bd6 14. h3 h5 15. Ncb5 Be5 16. Nxa7+ Kb8 17. Qb3 Nxe3 18. Qxe3 c5 19. Ndb5 Nd3 20. Rcd1 Nf4 21. g3 Nxh3+ 22. Kh2 h4 23. f4 hxg3+ 24. Kg2 Qg4 25. Qxe4 Nxf4+ 26. Rxf4 Qxf4 27. Qxf4 Bxf4 28. Rf1 Rh2+ 29. Kf3 g5 30. Kg4 Rf8 31. Kf5 g2 32. Rg1 Be3 33. Rxg2 Rxg2 34. d6 Rf2+ 35. Ke5 Re8+ 0-1

[Event "Pan American-ch Hybrid U14 Girls 31st"]
[Site "Tornelo INT"]
[Date "2021.09.04"]
[Round "8"]
[White "Kaur, Aradh"]
[Black "Mayeregger Gonzalez, Renata Valentina"]
[Result "1-0"]
[WhiteElo "1479"]
[BlackElo "1280"]
[PlyCount "31"]
[EventDate "2021.09.04"]
[EventType "swiss"]
[EventRounds "9"]
[EventCountry "NET"]
[SourceTitle "EXT 2023"]
[Source "ChessBase"]
[SourceDate "2022.10.05"]
[SourceVersion "1"]
[SourceVersionDate "2022.10.05"]
[SourceQuality "1"]

1. e4 d5 2. exd5 Nf6 3. d4 Qxd5 4. Nc3 Qa5 5. Bd2 c6 6. Bc4 Bg4 7. Nf3 e6 8. Qe2 Qc7 9. h3 Bh5 10. g4 Bg6 11. Ne5 Bxc2 12. Bf4 Qb6 13. Nxf7 Nd5 14. Qxe6+ Be7 15. Nd6+ Kf8 16. Qf7# 1-0